000 00668nam a2200193 4500
001 113920
003 ES-MaACL
005 20230906190032.0
007 t|
008 061121s1977 sp r ||||1| spa d
100 1 _aPagés, Max.
_988281
245 1 3 _aLa vida afectiva de los grupos
_b: esbozo de una teoría de la relación humana /
_cMax Pagés ; [traducido por Francisco Torrens, Javier Garagorri y Amadeo Mourabá].
260 _aBarcelona :
_bFontanella,
_c1977.
300 _a619 p. ;
_c22 cm.
700 1 _aTorrens, Francisco.
_9110824
700 1 _aGaragorri, Javier.
_953910
700 1 _aMourabá, Amadeo.
_983882
852 _aES-MaACL
_jA-6711
_bR.95819
999 _c113920
_d113920